000 00256nam a2200109Ia 4500
008 190914s9999||||xx |||||||||||||| ||und||
100 _aMatthews,Warren
245 0 _aWorld Religions
260 _aNew Delhi
_bMcGraw -Hill
_c1998
300 _a604
942 _cBK
999 _c8364
_d8364